Guns N' Roses - November Rain Lyrics Quiz - Statistics

General Stats
  • This quiz has been taken 29 times
  • The average score is 28 of 38
Answer Stats
Lyrics % Correct
In the cold {November} rain
100%
{Nothin'} lasts forever
100%
And we both know {hearts} can change
97%
When I {look} {into} your eyes
97%
Don't you know I feel {the} {same}?
93%
Ooh, everybody needs {some} time on their own
93%
Ooh, everybody needs {some} time on their own
93%
And {it's} {hard} to hold a candle
90%
But {darlin'} when I hold you
90%
Just tryin' to kill the {pain}, ooh yeah
90%
Do you need some time all {alone}?
86%
Do you need some time on {your} {own}?
83%
I can see a love {restrained}
83%
Ooh, don't you know {you} {need} some time all alone
83%
Ooh, don't you know {you} {need} some time all alone
83%
Sometimes I need some time on {my} {own}
83%
Sometimes I need some time {all} {alone}
79%
'Cause nothin' {lasts} {forever}, even cold November rain
72%
When even {friends} seem out to harm you
72%
You're not {the} {only} one
72%
You're not {the} {only} one
72%
I know it's hard to keep an {open} {heart}
69%
I know that you can love me when there's no one left {to} {blame}
69%
We've been {through} {this} such a long long time
69%
And no one's {really} sure who's lettin' go today, walking away
66%
But lovers {always} {come} and lovers always go
66%
Or I'll just {end} {up} walkin' in the cold November rain
62%
So if you want to love me then darlin' don't {refrain}
62%
Don't ya think that you need {someone}?
59%
I could rest {my} {head} just knowin' that you were mine, all mine
59%
Wouldn't time be out to {charm} you?
59%
So never mind {the} {darkness}, we still can find a way
55%
And {shadows} still remain, oh yeah
52%
And when your {fears} subside
48%
Don't ya think that you need {somebody}?
48%
{Everybody} {needs} somebody
48%
If we could take the time to {lay} {it} on the line
48%
But if you {could} {heal} a broken heart
31%
No matching quizzes found
Score Distribution
Percent of People with Each Score
Percentile by Number Answered
Your Score History
You have not taken this quiz